Quizzes
Events
Quiz Creation
Community
Videos
Private Events
Remove Ads
Sign In
Join for FREE
Feedback
Dark Mode
Quiz Categories
Sports
Geography
Music
Movies
Television
Just For Fun
Miscellaneous
History
Literature
Language
Science
Gaming
Entertainment
Religion
Holiday
For Kids
Quiz Lab
Recent
Popular Today
Quiz Kudos Today
Editor Picks
Curator Picks
Quizzes by...
Day
Popularity
Type
Ratings
Length
Year
Community
Subscriptions
Recent Discussions
Orange Saloon
Badges
Playlists
Quests
Create
Leaderboards
Showdown
Live 5
Trivia Bingo
Activity
Puzzle Library
Sporcle Events
Private Events
Virtual Trivia
Globe League
Become a Host
Pub Owners
SporcleCon
Opinionation
Our Games
Videos
Blog
Mobile Apps
Partnerships
Remove Ads and Go Orange
Feedback
Sports
Athletes
MLB
NBA
NHL
NFL
Soccer
Sports Teams
WWE
NCAA
Football
Premier League
Basketball
Baseball
Hockey
Golf
Tennis
Cricket
Rugby
Auto Racing
Olympics
World Cup
Sports
Athletes
MLB
NBA
NHL
NFL
Soccer
Sports Teams
WWE
NCAA
Football
Premier League
Basketball
Baseball
Hockey
Golf
Tennis
Cricket
Rugby
Auto Racing
Olympics
World Cup
Random Quiz
Search Sporcle
×
Quiz Lab
Quiz Lab
Sports
Football
Type in answers that appear in a list
Type in answers that appear in a list
Classic
Best Score? Go Orange.
Non QB Heisman Winners Stats
Can you name the Non QB Heisman Winners?
By
kingofjews
8m
48 Questions
72 Plays
72 Plays
72 Plays
Comments
Comments
Give Quiz Kudos
Give Quiz Kudos
-
- Ratings
hide this ad
Replay
Link that replays current quiz
Next Quiz
Link to next quiz in quiz playlist
You Got
0%
They Got
Avg Score
45%
Avg Friend Score
Upgrade to see
Score Distribution
Jump to the score distribution portion of the page
Score
0/48
Timer
08:00
0
Plays Today
School
Answer
% Correct
USC
Reggie Bush
91.7%
Alabama
Mark Ingram
87.5%
Michigan
Charles Woodson
86.1%
Texas
Ricky Williams
81.9%
Oklahoma State
Barry Sanders
80.6%
Georgia
Herschel Walker
79.2%
USC
O.J Simpson
79.2%
Alabama
Derrick Henry
77.8%
Auburn
Bo Jackson
77.8%
Notre Dame
Tim Brown
77.8%
SMU
Doak Walker
77.8%
Pittsburgh
Tony Dorsett
75%
Michigan
Desmond Howard
68.1%
Texas
Earl Campbell
68.1%
Wisconsin
Ron Dayne
66.7%
USC
Marcus Allen
66.7%
Ohio State
Archie Griffin
66.7%
Ohio State
Archie Griffin
66.7%
Colorado
Rashaan Salaam
59.7%
Ohio State
Eddie George
58.3%
Minnesota
Bruce Smith
52.8%
Nebraska
Mike Rozier
50%
South Carolina
George Rogers
47.2%
USC
Charles White
47.2%
School
Answer
% Correct
Oklahoma
Billy Sims
47.2%
Syracuse
Ernie Davis
43.1%
Army
Glenn Davis
43.1%
Nebraska
Johnny Rodgers
33.3%
Army
Doc Blanchard
22.2%
USC
Mike Garrett
20.8%
LSU
Billy Cannon
20.8%
Chicago
Jay Berwanger
20.8%
Penn State
John Cappelletti
19.4%
Wisonsin
Alan Ameche
19.4%
Michigan
Tom Harmon
19.4%
Iowa
Nile Kinnick
19.4%
Texas A&M
John David Crow
18.1%
Notre Dame
Leon Hart
16.7%
Navy
Joe Bellino
13.9%
Army
Pete Dawkins
12.5%
Ohio State
Howard Cassidy
12.5%
Oklahoma
Steve Owens
11.1%
Georgia
Frank Sinkwich
11.1%
Yale
Larry Kelley
11.1%
Notre Dame
John Lattner
9.7%
Oklahoma
Billy Vessels
9.7%
Princeton
Dick Kazmaier
9.7%
Ohio State
Vic Janowicz
6.9%
Quiz Playlist
Details
Report
Send in Message
Add To Playlist
Classic:
Type in answers that appear in a list
Last Updated: Aug 14, 2017
Quiz Scoreboard
CHALLENGE
Sign Up to Join the Scoreboard
Show All
Scores
Hide
Comments
May contain spoilers
Recently Published
College Basketball Coaching Resumes
by pancakes188
Sports
9m
Billboard Blitz: Fleetwood Mac
by CooCooCachoo
Music
15s
Presidents Visiting Landmarks
by Hejman
History
7m
More to Explore
Quiz From the Vault
Featured Blog Post
Where Did the Easter Bunny Come From?
hide this ad
You Might Also Like...
Tags
College Quiz
Football Quiz
NBA Quiz
NFL Quiz
NHL Quiz
College Sports
SEC Football
Today's Top Quizzes in Sports
Browse Sports
hide this ad
Today's Top Quizzes in Football
Browse Football
Top Contributed Quizzes in Sports
1
2022 World Cup Stars
2
Les meilleurs buteurs des matchs entre le PSG et l’OM
3
FIFA Club World Cup Champions
4
Les entraîneurs de l'OM et du PSG au 21e siècle
5
Criteria MLB: Left Handed Sluggers
6
AFC Teams Reveal (Wrong Answers Minefield)
7
5-to-1: UK Sports Teams
8
5-to-1: FBS Animal Nicknames
9
2023 MLB Unique Player Accomplishments
10
Name the Premier League winners with different clubs
Explore More
Trending Topics
Kpop
Anime
Disney
NBA
Marvel
Harry Potter
Crossword
Puzzle
WWE
Song
Soccer
NFL
Country
The Office
Pokémon
hide this ad
More By:
kingofjews
Quiz
Plays
Rating
Category
Featured
Created
NFL MVPs since 2000
298
3.00
Sports
Aug 24, 2015
NASCAR Drivers 2016
232
5.00
Sports
Feb 21, 2016
Hardest Quiz
231
3.00
Just For Fun
Jun 28, 2018
College Football Team Names
220
4.50
Sports
Nov 28, 2015
NBA Teams of the 1979-1980 Season
211
3.00
Sports
Aug 21, 2015
Go to Creator's Profile
Score Distribution
Quiz Creator Spotlight
kingofjews
Follow
Send a Message
Quizzes Created
-
Created Quiz Play Count
-
More By This Creator
Popular Quizzes Today
1
Find the US States - No Outlines Minefield
2
Find the Countries of Europe - No Outlines Minefield
3
The Countries of the World
4
Find the US States
5
Risky Map Clicking: Biggest States A-Z
6
US States
7
Popular People in 1961
8
Movies - When Are They Set?
More Sports Quizzes
NBA Playoffs Statistical Leaders
Published
Trending Quizzes
Risky Map Clicking: Least Populous States A-Z
1-10 Letter G Words
1-10 Letter F Words
Risky Map Clicking: Next State Alphabetically
Risky Map Clicking: Biggest States A-Z
Recently Updated
Leaping Animals
pecheneg
Reality TV Shows (A-Z)
bhenderson79
Rickey Henderson's Hall of Fame Teammates
pecheneg
Champions League XIs: Arsenal
pecheneg
Quick Pick: Celebrities in WWE's Hall of Fame
aduchscher
A-Z Keypad Blitz II
pecheneg
Multiple Oscar Actors
pecheneg
Mystery Phrase Blitz: Oscar 'Best Actors'
pecheneg
F. Scott Fitzgerald Novels
LTH
Pick 3 Villains
ddd62291
Trending Topics
Anime
Kpop
Harry Potter
Marvel
Disney
NBA
Crossword
Song
NFL
Pokémon
WWE
Country
Soccer
The Office
Puzzle
Your Account Isn't Verified!
In order to create a playlist on Sporcle, you need to verify the email address you used during registration. Go to your
Sporcle Settings
to finish the process.
Report this User
Report this user for behavior that violates our
Community Guidelines
.
Details:
Send Report
Go to the Sporcle.com Mobile Site →
Comments